LEADER 00872nam a2200205 i 4500 001 000000022938 003 CaOOAMICUS 005 20180830125445.0 008 180830s1937 fr u000 u und u 040 $aSeMil$bita 100 1 $aFolliet, Joseph,$d<1903-1972>.$0(OLS)http://semarc/name/10247 245 10$aMorale sociale /$cpar Joseph Folliet. 260 $aParis :$bBloud & Gay,$c1937. 300 $a2 v. ;$c19 cm. 650 4$aMorale sociale.$0(OLS)http://semarc/subject/3565 773 0 $tBibliothèque catholique des sciences religieuses.$dParis : Bloud & Gay, [192.]-$w()15092 774 0 $t[1].$kBibliothèque catholique des sciences religieuses$w()185941 774 0 $t[2].$kBibliothèque catholique des sciences religieuses$w()185942 996 $6245$aMorale sociale$9(OLS)http://semarc/title/30736 996 $6260$aParis :$bBloud & Gay$9(OLS)http://semarc/publisher/31180 LEADER 01424nam a2200313 i 4500 001 000000188993 003 CaOOAMICUS 005 20100427000000.0 008 100427s1956 fr u000 u fre u 013 $a167239 040 $aSeMil$bita 100 1 $aChaix-Ruy, Jules,$d<1896-1986>.$0(OLS)http://semarc/name/34138 245 10$aSaint Augustin :$btemps et histoire /$cPar Jules Chaix Ruy. 260 $aParis :$bÉtudes Augustiniennes,$c1956. 300 $aXV, 126 p. ;$c25 cm. 490 0 $aCollection d'Études augustiniennes. Série antiquité 650 4$aAgostino, Aurelio - Concezione della storia.$0(OLS)http://semarc/subject/35520 650 4$aTempo - Concezione agostiniana.$0(OLS)http://semarc/subject/35566 650 4$aStoria - Concezione agostiniana.$0(OLS)http://semarc/subject/6665 700 0 $aAugustinus, Aurelius,$c.$0(OLS)http://semarc/name/498 830 0$aCollection d'Études augustiniennes. Série antiquité.$0(OLS)http://semarc/title/9394 850 $aSeMil 852 $aSeMil$W1$xVenegono$y1$m2T V 107$j139628$B139628$CSeMilBibl$Z2$F151230 $81 900 1 $aAgostino : d'Ippona. 900 1 $aSant'Agostino. 996 $6245$aSaint Augustin :$btemps et histoire$9(OLS)http://semarc/title/272089 996 $6260$aParis :$bÉtudes Augustiniennes$9(OLS)http://semarc/publisher/30131